[Event "SUI-chT"]
[Site "Switzerland"]
[Date "2023.08.27"]
[Round "7.7"]
[White "Gautier, Anand"]
[Black "Wyss, Jonas"]
[Result "1/2-1/2"]
[WhiteElo "2246"]
[BlackElo "2205"]
[PlyCount "132"]
[EventDate "2023.04.16"]
[EventType "team-tourn"]
[EventRounds "9"]
[EventCountry "SUI"]
[SourceTitle "EXT 2024"]
[Source "ChessBase"]
[SourceDate "2023.10.10"]
[SourceVersion "1"]
[SourceVersionDate "2023.10.10"]
[SourceQuality "1"]
[WhiteTeam "Nyon"]
[BlackTeam "Reti"]
[WhiteTeamCountry "SUI"]
[BlackTeamCountry "SUI"]

1. e4 e6 2. d4 d5 3. Nd2 Nf6 4. e5 Nfd7 5. Bd3 c5 6. c3 Nc6 7. Ne2 cxd4 8. cxd4 f6 9. exf6 Nxf6 10. Nf3 Bd6 11. 0-0 Qc7 12. Bd2 0-0 13. Rc1 Bd7 14. Re1 Rae8 15. Nc3 Qd8 16. Bg5 Re7 17. Bb1 Be8 18. Ne5 Bh5 19. Qd3 Qb6 20. Na4 Qb4 21. b3 Bg6 22. Nxg6 hxg6 23. Qxg6 Qxd4 24. Rcd1 Qg4 25. h3 Qb4 26. h4 Ne5 27. Rxe5 Bxe5 28. Bxf6 Bh2+ 29. Kxh2 Qf4+ 30. Qg3 Rxf6 31. Qxf4 Rxf4 32. Kg3 Rf8 33. Nc3 Rc8 34. Nb5 a6 35. Nd4 Kf7 36. f4 Rec7 37. Rd2 Kf6 38. Nf3 Rc1 39. Bd3 R8c3 40. Kf2 Ra1 41. Ke3 a5 42. Kd4 Rcc1 43. h5 Rd1 44. Rxd1 Rxd1 45. g4 Ke7 46. g5 Rh1 47. Bg6 b6 48. Ne5 Rh3 49. Nd3 Rh2 50. a3 Rh3 51. Kc3 Kd6 52. b4 axb4+ 53. Kxb4 Rh1 54. Kb5 Rb1+ 55. Ka6 Ra1 56. h6 gxh6 57. gxh6 Rxa3+ 58. Kb7 Ra2 59. h7 Rh2 60. Ne5 Ke7 61. Nf7 Rxh7 62. Bxh7 Kxf7 63. Kc6 e5 64. f5 e4 65. Kxd5 e3 66. Bg6+ Kf6 1/2-1/2

[Event "SUI-chT"]
[Site "Switzerland"]
[Date "2023.08.26"]
[Round "6.4"]
[White "Georgiadis, Ioannis"]
[Black "Gautier, Anand"]
[Result "1/2-1/2"]
[WhiteElo "2470"]
[BlackElo "2246"]
[PlyCount "89"]
[EventDate "2023.04.16"]
[EventType "team-tourn"]
[EventRounds "9"]
[EventCountry "SUI"]
[SourceTitle "EXT 2024"]
[Source "ChessBase"]
[SourceDate "2023.10.10"]
[SourceVersion "1"]
[SourceVersionDate "2023.10.10"]
[SourceQuality "1"]
[WhiteTeam "Riehen"]
[BlackTeam "Nyon"]
[WhiteTeamCountry "SUI"]
[BlackTeamCountry "SUI"]

1. e4 c5 2. Nf3 d6 3. d4 cxd4 4. Nxd4 Nf6 5. Nc3 a6 6. a4 e6 7. a5 Be7 8. Bd3 Nc6 9. Nxc6 bxc6 10. 0-0 Bb7 11. Qe2 Nd7 12. Bd2 0-0 13. Na4 c5 14. b4 d5 15. exd5 exd5 16. bxc5 Bxc5 17. Rfe1 Bd4 18. Rab1 Bc6 19. Rb4 Qf6 20. c3 Ba7 21. Rf4 Qd6 22. Qh5 g6 23. Qh6 Rfe8 24. Rxe8+ Rxe8 25. Rxf7 Kxf7 26. Qxh7+ Ke6 27. Bxg6 Rf8 28. Nb6 Bxb6 29. axb6 Qe5 30. f4 Qe2 31. f5+ Kd6 32. Qh6 Kc5 33. Qf4 Kxb6 34. Qd4+ Kb7 35. h4 Qe4 36. h5 Ne5 37. h6 Rh8 38. h7 Qb1+ 39. Kh2 Nxg6 40. Qg7+ Ka8 41. fxg6 Qb8+ 42. Kg1 Qb6+ 43. Kh2 Qb8+ 44. Kg1 Qb6+ 45. Kh2 1/2-1/2

[Event "Barcelona Sant Marti op-A 18th"]
[Site "Barcelona"]
[Date "2016.07.19"]
[Round "7"]
[White "Gaikwad, Siddhant"]
[Black "Gautier, Anand"]
[Result "0-1"]
[WhiteElo "2003"]
[BlackElo "2186"]
[PlyCount "84"]
[EventDate "2016.07.13"]
[EventType "swiss"]
[EventRounds "9"]
[EventCountry "ESP"]
[SourceTitle "CBM 173 Extra"]
[Source "ChessBase"]
[SourceDate "2016.08.29"]
[SourceVersion "1"]
[SourceVersionDate "2016.08.29"]
[SourceQuality "1"]

1. e4 c5 2. Nf3 d6 3. d4 cxd4 4. Nxd4 Nf6 5. Nc3 a6 6. Be3 e6 7. f3 b5 8. Qd2 Nbd7 9. g4 h6 10. 0-0-0 Bb7 11. h4 b4 12. Na4 Qa5 13. b3 Nc5 14. a3 Nxa4 15. axb4 Qc7 16. bxa4 d5 17. e5 Nd7 18. f4 Nb6 19. Rh3 Nxa4 20. Bg1 Be7 21. f5 Rc8 22. fxe6 0-0 23. Rb3 Nc3 24. Bd3 Nxd1 25. Kxd1 Qxe5 26. Bh2 Qf6 27. Bf5 g6 28. g5 hxg5 29. hxg5 Qxg5 30. Qxg5 Bxg5 31. exf7+ Kxf7 32. Bg4 Bf6 33. Rf3 Rc4 34. c3 Bc8 35. Bxc8 Rcxc8 36. Bd6 Rfe8 37. Bc5 Re4 38. Ne2 Kg7 39. Nf4 Rxf4 40. Rxf4 Bxc3 41. Rf3 d4 42. Ke2 a5 0-1

[Event "Barcelona Sant Marti op-A 18th"]
[Site "Barcelona"]
[Date "2016.07.16"]
[Round "4"]
[White "Gautier, Anand"]
[Black "Meneses Gonzalez, Kevin Moises"]
[Result "1-0"]
[WhiteElo "2186"]
[BlackElo "2379"]
[PlyCount "49"]
[EventDate "2016.07.13"]
[EventType "swiss"]
[EventRounds "9"]
[EventCountry "ESP"]
[SourceTitle "CBM 173 Extra"]
[Source "ChessBase"]
[SourceDate "2016.08.29"]
[SourceVersion "1"]
[SourceVersionDate "2016.08.29"]
[SourceQuality "1"]

1. e4 c5 2. Nf3 Nc6 3. d4 cxd4 4. Nxd4 Qb6 5. Nb3 Nf6 6. Nc3 e6 7. Be3 Qc7 8. a3 Be7 9. f4 d6 10. Qe2 a6 11. g4 b5 12. 0-0-0 Bb7 13. g5 Nd7 14. Bg2 Nb6 15. Kb1 Rb8 16. h4 Nc4 17. h5 Nxe3 18. Qxe3 b4 19. axb4 Nxb4 20. h6 Bc6 21. hxg7 Rg8 22. Rxh7 Nxc2 23. Rh8 Nxe3 24. Rxg8+ Kd7 25. Nc5# 1-0

[Event "Francophone-ch rapid 3rd"]
[Site "Geneve"]
[Date "2016.07.03"]
[Round "14"]
[White "Bondar, Yevgen"]
[Black "Gautier, Anand"]
[Result "1-0"]
[WhiteElo "2357"]
[BlackElo "2186"]
[PlyCount "76"]
[EventDate "2016.07.02"]
[EventType "swiss (rapid)"]
[EventRounds "15"]
[EventCountry "SUI"]
[SourceTitle "CBM 173 Extra"]
[Source "ChessBase"]
[SourceDate "2016.08.29"]
[SourceVersion "1"]
[SourceVersionDate "2016.08.29"]
[SourceQuality "1"]

1. e4 c5 2. c3 d5 3. exd5 Qxd5 4. d4 Nf6 5. Nf3 Bg4 6. Nbd2 e6 7. Bc4 Qd8 8. Qb3 Qc7 9. Ne5 Bf5 10. Bb5+ Nbd7 11. g4 Bg6 12. h4 cxd4 13. cxd4 a6 14. Bxd7+ Nxd7 15. Nxd7 Qxd7 16. h5 Qc6 17. d5 exd5 18. hxg6 fxg6 19. Nf3 Bc5 20. Be3 d4 21. Bg5 Rf8 22. Rh3 h6 23. Ne5 Qd6 24. f4 hxg5 25. Qxb7 Rb8 26. Qe4 Kd8 27. Nc6+ Kd7 28. Nxb8+ Rxb8 29. Rh7 Re8 30. Rxg7+ Kd8 31. Rg8 Rxg8 32. Qa8+ Kc7 33. Qxg8 Qxf4 34. Qe6 Bb4+ 35. Ke2 Qd2+ 36. Kf3 Qd3+ 37. Kg2 Qd2+ 38. Kh1 Bd6 1-0

[Event "FRA-ch U16"]
[Site "Gonfreville"]
[Date "2016.04.13"]
[Round "5"]
[White "Gautier, Anand"]
[Black "Bergougnoux, Axel"]
[Result "0-1"]
[WhiteElo "2223"]
[BlackElo "2024"]
[PlyCount "104"]
[EventDate "2016.04.22"]
[EventType "swiss"]
[EventRounds "9"]
[EventCountry "FRA"]
[SourceTitle "EXT 2022"]
[Source "ChessBase"]
[SourceDate "2021.10.06"]
[SourceVersion "1"]
[SourceVersionDate "2021.10.06"]
[SourceQuality "1"]

1. e4 e5 2. Nf3 Nc6 3. Bc4 g6 4. 0-0 Bg7 5. d3 Nf6 6. Nc3 0-0 7. Be3 d6 8. h3 Na5 9. Qd2 b6 10. Bh6 Kh8 11. Bxg7+ Kxg7 12. Bd5 c6 13. Bb3 Nxb3 14. axb3 c5 15. Rae1 Nh5 16. Nd5 Be6 17. c3 Bxd5 18. exd5 Nf4 19. c4 Qf6 20. Re3 a5 21. Ra1 Kh8 22. Kh2 g5 23. g3 Ng6 24. Kg2 Qd8 25. Rh1 Rg8 26. Ree1 f6 27. h4 g4 28. Nh2 f5 29. h5 Nf8 30. Qh6 Ra7 31. Nf1 Rf7 32. Nd2 Rf6 33. Qe3 h6 34. b4 axb4 35. Ra1 Nh7 36. Ra7 f4 37. Qe1 Ng5 38. Ne4 Rf7 39. Rxf7 Nxf7 40. Qd2 Ng5 41. gxf4 Nf3 42. Qe3 Nh4+ 43. Kf1 Nf5 44. Qd2 Qe7 45. Rg1 Qh4 46. fxe5 dxe5 47. Nd6 Qh3+ 48. Ke1 g3 49. fxg3 Rxg3 50. Rxg3 Qxg3+ 51. Kd1 Qg1+ 52. Ke2 Nd4# 0-1

[Event "Vaujany op-A 6th"]
[Site "Vaujany"]
[Date "2015.07.14"]
[Round "6"]
[White "Gautier, Anand"]
[Black "Manino, Edoardo"]
[Result "1-0"]
[WhiteElo "2161"]
[BlackElo "1954"]
[PlyCount "55"]
[EventDate "2015.07.09"]
[EventType "swiss"]
[EventRounds "9"]
[EventCountry "FRA"]
[SourceTitle "EXT 2018"]
[Source "ChessBase"]
[SourceDate "2017.10.13"]
[SourceVersion "1"]
[SourceVersionDate "2017.10.13"]
[SourceQuality "1"]

1. e4 e6 2. d4 d5 3. Nd2 Nf6 4. e5 Nfd7 5. Bd3 c5 6. c3 Nc6 7. Ne2 cxd4 8. cxd4 f6 9. exf6 Qxf6 10. Nf3 h6 11. 0-0 Bd6 12. Bd2 0-0 13. Bc3 Rd8 14. Ng3 Nf8 15. Re1 Bd7 16. Ne5 Be8 17. Qg4 Rac8 18. Rad1 Be7 19. f4 Qh4 20. Qf3 Nxe5 21. dxe5 Bc5+ 22. Kh1 Bc6 23. Bd2 Nd7 24. b4 d4 25. Be4 Be7 26. Rc1 Nb8 27. Qb3 Qg4 28. Bf5 1-0

[Event "FRA-ch U16"]
[Site "Pau"]
[Date "2015.04.27"]
[Round "2"]
[White "Rakotomaharo, Fy Antenaina"]
[Black "Gautier, Anand"]
[Result "1/2-1/2"]
[WhiteElo "2394"]
[BlackElo "1993"]
[PlyCount "103"]
[EventDate "2015.04.26"]
[EventType "swiss"]
[EventRounds "9"]
[EventCountry "FRA"]
[SourceTitle "CBM 166 Extra"]
[Source "ChessBase"]
[SourceDate "2015.06.18"]
[SourceVersion "1"]
[SourceVersionDate "2015.06.18"]
[SourceQuality "1"]

1. d4 Nf6 2. Nf3 g6 3. Nbd2 c5 4. dxc5 Qa5 5. a3 Qxc5 6. b4 Qc7 7. c4 Bg7 8. Bb2 d6 9. e3 0-0 10. Be2 b6 11. 0-0 Bb7 12. Rc1 Nbd7 13. Rc2 Rac8 14. Qa1 Qb8 15. Rcc1 Rfd8 16. Bd1 Qa8 17. Ba4 Ne5 18. Bxe5 dxe5 19. Qa2 Ne4 20. Nxe4 Bxe4 21. Ne1 a5 22. Bc2 axb4 23. Bxe4 Qxe4 24. axb4 b5 25. Qa7 bxc4 26. Nf3 Bf6 27. Qa3 Qd5 28. Rc2 e4 29. Rd2 Qc6 30. Nd4 Bxd4 31. Rxd4 Rxd4 32. exd4 c3 33. Rc1 c2 34. Qb2 e5 35. dxe5 Rd8 36. h4 Rd1+ 37. Kh2 Rxc1 38. Qxc1 Qc3 39. e6 fxe6 40. b5 Qd3 41. Qf4 e3 42. Qb8+ Kf7 43. Qc7+ Kf6 44. fxe3 Qd2 45. Qf4+ Ke7 46. Qc7+ Kf8 47. Qb8+ Kg7 48. Qe5+ Kf7 49. Qc7+ Ke8 50. Qc8+ Kf7 51. Qc7+ Kf6 52. Qf4+ 1/2-1/2

[Event "Vaujany op 5th"]
[Site "Vaujany"]
[Date "2014.07.10"]
[Round "1.13"]
[White "Foisor, Ovidiu Doru"]
[Black "Gautier, Anand"]
[Result "1-0"]
[WhiteElo "2396"]
[BlackElo "2015"]
[PlyCount "42"]
[EventDate "2014.07.10"]
[EventType "swiss"]
[EventRounds "9"]
[EventCountry "FRA"]
[SourceTitle "EXT 2017"]
[Source "ChessBase"]
[SourceDate "2016.10.25"]
[SourceVersion "1"]
[SourceVersionDate "2016.10.25"]
[SourceQuality "1"]

1. d4 Nf6 2. c4 g6 3. Nc3 Bg7 4. g3 0-0 5. Bg2 d6 6. Nf3 Nbd7 7. 0-0 e5 8. e3 c6 9. a4 Re8 10. a5 e4 11. Ng5 d5 12. cxd5 cxd5 13. f3 exf3 14. Qxf3 h6 15. Nxf7 Kxf7 16. Qxd5+ Re6 17. Bh3 Qe7 18. e4 Qd6 19. Bxe6+ Qxe6 20. e5 Ke7 21. exf6+ Bxf6 1-0

[Event "FRA-ch U14"]
[Site "Montbeliard"]
[Date "2014.04.21"]
[Round "1"]
[White "Gautier, Anand"]
[Black "Tournois, Luan"]
[Result "1-0"]
[WhiteElo "2008"]
[BlackElo "1627"]
[PlyCount "63"]
[EventDate "2014.04.21"]
[EventType "swiss"]
[EventRounds "9"]
[EventCountry "FRA"]
[SourceTitle "CBM 160 Extra"]
[Source "ChessBase"]
[SourceDate "2014.07.01"]
[SourceVersion "1"]
[SourceVersionDate "2014.07.01"]
[SourceQuality "1"]

1. e4 e5 2. Nf3 Nc6 3. Bc4 Bc5 4. 0-0 Nf6 5. d3 d6 6. c3 Be6 7. Bb3 Bb6 8. Nbd2 0-0 9. Re1 Re8 10. Nf1 h6 11. Ng3 Ne7 12. h3 Ng6 13. Nh2 c6 14. Qf3 Nh4 15. Qe2 Ng6 16. Ng4 Nxg4 17. hxg4 Bxb3 18. axb3 Kh7 19. Nf5 Nf4 20. Qf3 g6 21. Ng3 Qf6 22. Bxf4 Qxf4 23. Qxf4 exf4 24. Ne2 g5 25. g3 Re6 26. gxf4 gxf4 27. Kg2 f3+ 28. Kxf3 Rf6+ 29. Nf4 Bxf2 30. Rh1 Bb6 31. g5 Rxf4+ 32. Kxf4 1-0

[Event "FRA-chT U20"]
[Site "Colmar"]
[Date "2013.12.08"]
[Round "?"]
[White "Tournois, Luan"]
[Black "Gautier, Anand"]
[Result "0-1"]
[WhiteElo "1643"]
[BlackElo "2011"]
[PlyCount "88"]
[EventDate "2013.12.07"]
[EventType "swiss"]
[EventRounds "6"]
[EventCountry "FRA"]
[SourceTitle "EXT 2015"]
[Source "ChessBase"]
[SourceDate "2014.11.20"]
[SourceVersion "1"]
[SourceVersionDate "2014.11.20"]
[SourceQuality "1"]

1. e4 c5 2. Nf3 d6 3. d4 cxd4 4. Nxd4 Nf6 5. Nc3 a6 6. Be3 Ng4 7. Qd2 Nxe3 8. Qxe3 Nc6 9. 0-0-0 Bd7 10. f4 e6 11. Bc4 Be7 12. Kb1 Rc8 13. f5 Bg5 14. Nxc6 Bxe3 15. Nxd8 Kxd8 16. fxe6 fxe6 17. Bb3 Ke7 18. Rd3 Bf4 19. g3 Be5 20. Na4 Bc6 21. Re1 b5 22. Nc3 Rhf8 23. Nd1 Rf7 24. c4 Rcf8 25. cxb5 Bxb5 26. Rd2 Rf1 27. Rxf1 Rxf1 28. a4 Bc6 29. Re2 g5 30. Kc2 h5 31. Kd3 h4 32. Ne3 Rf3 33. Bd1 hxg3 34. Rc2 Rxe3+ 35. Kxe3 gxh2 36. Bf3 Bxa4 37. Rc7+ Kf6 38. b4 d5 39. Rh7 d4+ 40. Kd3 Bb5+ 41. Kd2 Bf4+ 42. Kd1 Ke5 43. Bh1 d3 44. Bf3 d2 0-1

[Event "Hauts de Seine-ch"]
[Site "Issy les Moulineaux"]
[Date "2013.06.16"]
[Round "5"]
[White "Coste, Thierry"]
[Black "Gautier, Anand"]
[Result "1-0"]
[WhiteElo "2109"]
[BlackElo "1956"]
[PlyCount "79"]
[EventDate "2013.06.15"]
[EventType "swiss"]
[EventRounds "5"]
[EventCountry "FRA"]
[SourceTitle "EXT 2015"]
[Source "ChessBase"]
[SourceDate "2014.11.20"]
[SourceVersion "1"]
[SourceVersionDate "2014.11.20"]
[SourceQuality "1"]

1. Nf3 Nf6 2. d4 c5 3. e3 e6 4. Bd3 Be7 5. 0-0 0-0 6. Nbd2 d5 7. b3 Nc6 8. a3 b6 9. Bb2 Bb7 10. Qe2 Qc7 11. c4 Rad8 12. Rac1 Rfe8 13. Rfd1 Bd6 14. dxc5 bxc5 15. Bxf6 gxf6 16. Nf1 Kh8 17. cxd5 exd5 18. Ng3 Ne5 19. Bf5 Qe7 20. Nh4 Ng6 21. Qh5 Rg8 22. Nf3 Rg7 23. Bb1 Bxg3 24. hxg3 Qd6 25. b4 cxb4 26. axb4 Bc8 27. Rd4 Ne7 28. Rc5 Be6 29. Qh4 Bf5 30. Ba2 Be4 31. Nd2 Nf5 32. Nxe4 Qe7 33. Qxf6 Qxf6 34. Nxf6 Nxd4 35. exd4 Rg6 36. Nxd5 Ra6 37. Bc4 Ra1+ 38. Kh2 Ra6 39. g4 Ra1 40. Ne3 1-0

[Event "FRA-chT U20 16 GP Basse 1213"]
[Site "France"]
[Date "2013.05.19"]
[Round "9"]
[White "Ek, Alexandre"]
[Black "Gautier, Anand"]
[Result "1/2-1/2"]
[WhiteElo "1939"]
[BlackElo "1865"]
[PlyCount "88"]
[EventDate "2012.12.01"]
[EventType "team"]
[EventRounds "11"]
[EventCountry "FRA"]
[SourceTitle "EXT 2014"]
[Source "ChessBase"]
[SourceDate "2013.11.20"]
[SourceVersion "1"]
[SourceVersionDate "2013.11.20"]
[SourceQuality "1"]
[WhiteTeam "Villepinte (U20)"]
[BlackTeam "Grenoble (U20)"]
[WhiteTeamCountry "FRA"]
[BlackTeamCountry "FRA"]

1. e4 c5 2. c3 Nf6 3. e5 Nd5 4. d4 cxd4 5. Qxd4 Nb6 6. Nf3 Nc6 7. Qe4 d5 8. exd6 Qxd6 9. Bf4 Qe6 10. Nbd2 Qxe4+ 11. Nxe4 Bf5 12. Bd3 Bg6 13. 0-0 0-0-0 14. Bc2 e5 15. Bg5 f6 16. Bh4 Be7 17. a4 a5 18. Rfe1 Nc4 19. b3 Na3 20. Bd1 Bxe4 21. Rxe4 g5 22. Bxg5 fxg5 23. Nxe5 Nxe5 24. Rxe5 Bd6 25. Rxa5 Rhe8 26. Bg4+ Kb8 27. Rxg5 Be7 28. Re5 Bf6 29. Rxe8 Rxe8 30. h3 Nc2 31. Rc1 Re1+ 32. Rxe1 Nxe1 33. Bf5 h6 34. c4 Kc7 35. Kf1 Bc3 36. Be4 b6 37. Ke2 Kd6 38. g4 Ke5 39. Bd5 Kf4 40. Bb7 Bb4 41. Bd5 Bc3 42. Bb7 Bb4 43. Bd5 Bc3 44. Bb7 Bb4 1/2-1/2

[Event "FRA-ch U14"]
[Site "Saint Paul Trois Chateaux"]
[Date "2013.05.02"]
[Round "5"]
[White "Gautier, Anand"]
[Black "De Lussac, Rainier"]
[Result "1-0"]
[WhiteElo "1942"]
[BlackElo "1733"]
[PlyCount "55"]
[EventDate "2013.04.28"]
[EventType "swiss"]
[EventRounds "9"]
[EventCountry "FRA"]
[SourceTitle "CBM 154 Extra"]
[Source "ChessBase"]
[SourceDate "2013.06.25"]
[SourceVersion "2"]
[SourceVersionDate "2013.06.25"]
[SourceQuality "1"]

1. e4 c5 2. Nf3 e6 3. d4 cxd4 4. Nxd4 Nc6 5. g3 Nf6 6. Bg2 a6 7. 0-0 Qc7 8. Nc3 b5 9. e5 Ng8 10. Nxc6 dxc6 11. Ne4 Bb7 12. Bf4 Rd8 13. Qe2 c5 14. a4 Bxe4 15. Bxe4 c4 16. axb5 axb5 17. Rfd1 Rc8 18. Ra6 Ne7 19. Bg5 Nd5 20. Bxd5 exd5 21. e6 f6 22. Bxf6 Qb7 23. Qh5+ g6 24. Qxd5 Qxd5 25. Rxd5 Rg8 26. Ra7 Bb4 27. c3 Bc5 28. Rxc5 1-0

[Event "FRA-chT U20 GpA 1213"]
[Site "France"]
[Date "2013.01.05"]
[Round "5"]
[White "Gautier, Anand"]
[Black "De Talance, Aliaume"]
[Result "1-0"]
[WhiteElo "1865"]
[BlackElo "1681"]
[PlyCount "53"]
[EventDate "2012.12.01"]
[EventType "team"]
[EventRounds "7"]
[EventCountry "FRA"]
[SourceTitle "EXT 2014"]
[Source "ChessBase"]
[SourceDate "2013.11.20"]
[SourceVersion "1"]
[SourceVersionDate "2013.11.20"]
[SourceQuality "1"]
[WhiteTeam "Grenoble (U20)"]
[BlackTeam "Vandoeuvre U20"]
[WhiteTeamCountry "FRA"]
[BlackTeamCountry "FRA"]

1. e4 d6 2. d4 Nf6 3. Nc3 g6 4. f3 Bg7 5. Be3 0-0 6. Qd2 c6 7. g4 b5 8. Nge2 Qa5 9. Ng3 b4 10. Nce2 c5 11. h4 Nc6 12. h5 Ba6 13. Bh6 Bxe2 14. Nxe2 Nxd4 15. Nxd4 cxd4 16. hxg6 fxg6 17. Bc4+ Kh8 18. Bxg7+ Kxg7 19. Qh6+ Kh8 20. g5 b3+ 21. Ke2 Qc5 22. axb3 Qc7 23. gxf6 exf6 24. Rh2 Rae8 25. Rah1 d3+ 26. Bxd3 Re7 27. Qxf8# 1-0

[Event "FRA-chT U20 GpA 1213"]
[Site "France"]
[Date "2012.12.02"]
[Round "3"]
[White "Poulet, Sebastien"]
[Black "Gautier, Anand"]
[Result "1-0"]
[WhiteElo "1840"]
[BlackElo "1865"]
[PlyCount "89"]
[EventDate "2012.12.01"]
[EventType "team"]
[EventRounds "7"]
[EventCountry "FRA"]
[SourceTitle "EXT 2014"]
[Source "ChessBase"]
[SourceDate "2013.11.20"]
[SourceVersion "1"]
[SourceVersionDate "2013.11.20"]
[SourceQuality "1"]
[WhiteTeam "Sainte Foy (U20)"]
[BlackTeam "Grenoble (U20)"]
[WhiteTeamCountry "FRA"]
[BlackTeamCountry "FRA"]

1. e4 c5 2. Nf3 d6 3. d4 cxd4 4. Nxd4 Nf6 5. Nc3 a6 6. f3 e6 7. Be3 b5 8. Qd2 Bb7 9. 0-0-0 Nbd7 10. g4 h6 11. h4 b4 12. Nce2 d5 13. exd5 Nxd5 14. Bf2 Rc8 15. Kb1 Bc5 16. Ng3 Bd6 17. Ne4 Bf4 18. Qe1 Qc7 19. Bd3 N7b6 20. g5 Na4 21. g6 f5 22. Nxe6 Qe5 23. Bd4 Qxe6 24. Nd6+ Kd7 25. Bxf5 Qxf5 26. Nxf5 Rhe8 27. Qf2 Rc4 28. Bxg7 Rec8 29. Rhe1 Kc6 30. Rxd5 Kxd5 31. Ne7+ Kd6 32. Nxc8+ Bxc8 33. b3 Nc3+ 34. Bxc3 Rxc3 35. Qd4+ Kc6 36. Qxf4 a5 37. Rd1 a4 38. Qd6+ Kb7 39. Qxb4+ Ka7 40. Qxc3 axb3 41. axb3 h5 42. Qxc8 Kb6 43. Rd6+ Kb5 44. Qc4+ Ka5 45. Ra6# 1-0

[Event "FRA-chT U20 1112"]
[Site "France"]
[Date "2011.12.17"]
[Round "4"]
[White "Gautier, Anand"]
[Black "Feugier, Thomas"]
[Result "1/2-1/2"]
[WhiteElo "1744"]
[BlackElo "1572"]
[PlyCount "67"]
[EventDate "2011.12.03"]
[EventType "team-swiss"]
[EventRounds "7"]
[EventCountry "FRA"]
[SourceTitle "EXT 2013"]
[Source "ChessBase"]
[SourceDate "2012.11.22"]
[SourceVersion "1"]
[SourceVersionDate "2012.11.22"]
[SourceQuality "1"]

1. e4 c5 2. Nf3 g6 3. d4 cxd4 4. Nxd4 Nc6 5. c4 Nf6 6. Nc3 d6 7. Be3 Nxd4 8. Bxd4 Bg7 9. Be2 0-0 10. 0-0 Be6 11. b3 b6 12. f3 Rc8 13. Rc1 Nd7 14. Bxg7 Kxg7 15. Qd4+ f6 16. Nd5 Ne5 17. f4 Nc6 18. Qd2 f5 19. Bf3 fxe4 20. Bxe4 Bf5 21. Bxf5 Rxf5 22. Rce1 e5 23. fxe5 dxe5 24. Rxf5 gxf5 25. Qf2 Qg5 26. Qe3 f4 27. Qh3 Rd8 28. Rf1 Rd6 29. g3 Nd4 30. Qc8 Rg6 31. Qd7+ Kh6 32. Qh3+ Kg7 33. Qd7+ Kh6 34. Qh3+ 1/2-1/2